TB. OF SOCIOLOGY FOR NURSES (Record no. 2211)
[ view plain ]
| 000 -LEADER | |
|---|---|
| fixed length control field | 00335nam a2200145Ia 4500 |
| 008 - FIXED-LENGTH DATA ELEMENTS--GENERAL INFORMATION | |
| fixed length control field | 150201s2010 xx 000 0 und d |
| 082 ## - DEWEY DECIMAL CLASSIFICATION NUMBER | |
| Classification number | 301 |
| Item number | S10I |
| 100 ## - MAIN ENTRY--PERSONAL NAME | |
| Personal name | INDRANI, TK. |
| 245 ## - TITLE STATEMENT | |
| Title | TB. OF SOCIOLOGY FOR NURSES |
| 250 ## - EDITION STATEMENT | |
| Edition statement | 1ST |
| 260 ## - PUBLICATION, DISTRIBUTION, ETC. (IMPRINT) | |
| Name of publisher, distributor, etc. | JAYPEE |
| Place of publication, distribution, etc. | INDIA |
| Date of publication, distribution, etc. | 2010 |
| 300 ## - PHYSICAL DESCRIPTION | |
| Extent | 263 |
| 650 ## - SUBJECT ADDED ENTRY--TOPICAL TERM | |
| Topical term or geographic name as entry element | SOCIOLOGY |
| 942 ## - ADDED ENTRY ELEMENTS (KOHA) | |
| Source of classification or shelving scheme | Dewey Decimal Classification |
| Koha item type | Books |
| Koha issues (borrowed), all copies | 39 |
| Withdrawn status | Lost status | Source of classification or shelving scheme | Damaged status | Not for loan | Collection code | Home library | Current library | Shelving location | Date acquired | Source of acquisition | Cost, normal purchase price | SGTU | Bill Number | Total Checkouts | Full call number | Barcode | Date last seen | Date last checked out | Bill Date | Koha item type |
|---|---|---|---|---|---|---|---|---|---|---|---|---|---|---|---|---|---|---|---|---|
| Dewey Decimal Classification | NURSING | SGT Medical Library | SGT Medical Library | Text Book | 06/07/2014 | ABC DELHI | 195.00 | SGTU | 4669 | 46 | 301 S10I | FN1576 | 10/01/2026 | 25/12/2025 | 06/07/2014 | Books | ||||
| Dewey Decimal Classification | NURSING | SGT Medical Library | SGT Medical Library | Text Book | 06/07/2014 | ABC DELHI | 195.00 | SGTU | 4669 | 17 | 301 S10I | FN1577 | 12/12/2025 | 04/12/2025 | 06/07/2014 | Books |